[Event "GBR-ch 100th"]
[Site "Torquay"]
[Date "2013.08.08"]
[Round "10"]
[White "Owens, Megan R"]
[Black "Kirby, Peter J"]
[Result "1/2-1/2"]
[WhiteElo "1852"]
[BlackElo "1982"]
[PlyCount "83"]
[EventDate "2013.07.29"]
[EventType "swiss"]
[EventRounds "11"]
[EventCountry "ENG"]
[SourceTitle "CBM 155 Extra"]
[Source "ChessBase"]
[SourceDate "2013.08.26"]
[SourceVersion "1"]
[SourceVersionDate "2013.08.26"]
[SourceQuality "1"]

1. c4 e5 2. g3 Nc6 3. Bg2 f5 4. Nc3 Nf6 5. Nd5 Nxd5 6. cxd5 Ne7 7. d3 Ng6 8. h4 Bb4+ 9. Bd2 Bxd2+ 10. Qxd2 h6 11. h5 Ne7 12. Qc3 0-0 13. Qxe5 d6 14. Qc3 Bd7 15. Nh3 c6 16. Nf4 Qb6 17. Qb3 Qxb3 18. axb3 c5 19. Kd2 Rfc8 20. Bh3 Kf7 21. e4 Kf6 22. Rae1 Re8 23. Ng2 a5 24. f4 Bb5 25. e5+ Kf7 26. exd6 Nxd5 27. Bxf5 Kf6 28. Bg6 Red8 29. Re5 Rxd6 30. Rhe1 Bd7 31. Nh4 Nb4 32. Bf5 g5 33. hxg6 Bxf5 34. Rxf5+ Kg7 35. Rf7+ Kg8 36. Ree7 Rxd3+ 37. Kc1 Rad8 38. Rg7+ Kh8 39. Rh7+ Kg8 40. Rhg7+ Kh8 41. Rh7+ Kg8 42. Rhg7+ 1/2-1/2

[Event "BCF-chT1d 1213 (4NCL) Demotion pool"]
[Site "England"]
[Date "2013.05.05"]
[Round "10.158"]
[White "Ciuksyte, Dagne"]
[Black "Owens, Megan R"]
[Result "1-0"]
[WhiteElo "2354"]
[BlackElo "1847"]
[PlyCount "33"]
[EventDate "2012.11.03"]
[EventType "team-tourn"]
[EventRounds "4"]
[EventCountry "ENG"]
[SourceTitle "EXT 2014"]
[Source "ChessBase"]
[SourceDate "2013.11.20"]
[SourceVersion "1"]
[SourceVersionDate "2013.11.20"]
[SourceQuality "1"]
[WhiteTeam "Guildford II"]
[BlackTeam "South Wales Dragons"]
[WhiteTeamCountry "ENG"]
[BlackTeamCountry "ENG"]

1. e4 c5 2. Nf3 g6 3. d4 cxd4 4. Qxd4 Nf6 5. e5 Nc6 6. Qf4 Nd5 7. Qe4 Nb6 8. Nc3 Bg7 9. Bf4 0-0 10. 0-0-0 f6 11. h4 fxe5 12. Bg5 Qe8 13. h5 d6 14. Qh4 Bf5 15. Bb5 Bf6 16. g4 Bxg5+ 17. Nxg5 1-0

[Event "BCF-chT1d 1213 (4NCL) Demotion pool"]
[Site "England"]
[Date "2013.03.24"]
[Round "8.178"]
[White "Kourtseva, Julie"]
[Black "Owens, Megan R"]
[Result "1/2-1/2"]
[WhiteElo "1756"]
[BlackElo "1847"]
[PlyCount "48"]
[EventDate "2012.11.03"]
[EventType "team-tourn"]
[EventRounds "4"]
[EventCountry "ENG"]
[SourceTitle "EXT 2014"]
[Source "ChessBase"]
[SourceDate "2013.11.20"]
[SourceVersion "1"]
[SourceVersionDate "2013.11.20"]
[SourceQuality "1"]
[WhiteTeam "Sambuca Sharks"]
[BlackTeam "South Wales Dragons"]
[WhiteTeamCountry "ENG"]
[BlackTeamCountry "ENG"]

1. d4 Nf6 2. Nf3 g6 3. e3 Bg7 4. Bd3 d5 5. 0-0 0-0 6. Nbd2 Nbd7 7. c4 c5 8. b3 b6 9. Bb2 Bb7 10. Qc2 Rc8 11. Rad1 Qc7 12. Rfe1 Rfe8 13. Ne5 Nxe5 14. dxe5 Nd7 15. f4 Nf8 16. cxd5 Bxd5 17. e4 Bc6 18. Nf3 Red8 19. a4 Ne6 20. Qf2 Qb7 21. Qe3 Bh6 22. g4 Bxf4 23. Qf2 b5 24. Qe2 a6 1/2-1/2

[Event "Jersey op"]
[Site "St Clement Bay"]
[Date "2013.03.09"]
[Round "7"]
[White "Jouault, Louis"]
[Black "Owens, Megan R"]
[Result "1/2-1/2"]
[WhiteElo "1929"]
[BlackElo "1846"]
[PlyCount "56"]
[EventDate "2013.03.06"]
[EventType "swiss"]
[EventRounds "9"]
[EventCountry "GCI"]
[SourceTitle "CBM 153 Extra"]
[Source "ChessBase"]
[SourceDate "2013.04.22"]
[SourceVersion "1"]
[SourceVersionDate "2013.04.22"]
[SourceQuality "1"]

1. e4 c5 2. Nf3 g6 3. d4 cxd4 4. Nxd4 Bg7 5. Be3 Nc6 6. Nxc6 bxc6 7. Bd4 Nf6 8. e5 Nd5 9. e6 f6 10. c4 Nc7 11. exd7+ Qxd7 12. Nc3 0-0 13. Be2 Rd8 14. Be3 Ne6 15. 0-0 Nd4 16. Bxd4 Qxd4 17. Qxd4 Rxd4 18. Rad1 f5 19. Rxd4 Bxd4 20. Bf3 Rb8 21. Ne2 Bxb2 22. Bxc6 Be6 23. Bb5 g5 24. a4 Rd8 25. h3 Rd2 26. Re1 Kf7 27. c5 Rc2 28. Rb1 Be5 1/2-1/2

[Event "Jersey op"]
[Site "St Clement Bay"]
[Date "2013.03.07"]
[Round "2"]
[White "Owens, Megan R"]
[Black "Simons, Martin J"]
[Result "1/2-1/2"]
[WhiteElo "1846"]
[BlackElo "2159"]
[PlyCount "84"]
[EventDate "2013.03.06"]
[EventType "swiss"]
[EventRounds "9"]
[EventCountry "GCI"]
[SourceTitle "CBM 153 Extra"]
[Source "ChessBase"]
[SourceDate "2013.04.22"]
[SourceVersion "1"]
[SourceVersionDate "2013.04.22"]
[SourceQuality "1"]

1. c4 d6 2. g3 e5 3. Bg2 c5 4. Nc3 g6 5. e3 Bg7 6. h3 Ne7 7. Nge2 Nbc6 8. Nd5 0-0 9. Nec3 Be6 10. 0-0 a6 11. d3 Rb8 12. a4 Nb4 13. Rb1 Nec6 14. Kh2 f5 15. Nxb4 Nxb4 16. Nd5 Nxd5 17. cxd5 Bd7 18. b4 cxb4 19. Rxb4 b5 20. axb5 Bxb5 21. e4 Qc7 22. Bf3 Rfc8 23. Be2 Qc2 24. Rb2 Qxd1 25. Rxd1 Ba4 26. Rxb8 Rxb8 27. Re1 Rb1 28. Bd2 Rxe1 29. Bxe1 Kf7 30. Bb4 Ke7 31. Kg2 Bb5 32. f3 Kd7 33. Kf2 Bf6 34. Ke1 Bd8 35. Kd2 Bb6 36. Bd1 Bf2 37. g4 f4 38. Bb3 Be3+ 39. Kc3 Bd4+ 40. Kd2 Be3+ 41. Kc3 Bd4+ 42. Kd2 Be3+ 1/2-1/2

[Event "BCF-chT1b 1213 (4NCL)"]
[Site "England"]
[Date "2013.01.12"]
[Round "3.178"]
[White "Owens, Megan R"]
[Black "Regan, Natasha"]
[Result "0-1"]
[WhiteElo "1847"]
[BlackElo "2074"]
[PlyCount "130"]
[EventDate "2012.11.03"]
[EventType "team-tourn"]
[EventRounds "7"]
[EventCountry "ENG"]
[SourceTitle "EXT 2014"]
[Source "ChessBase"]
[SourceDate "2013.11.20"]
[SourceVersion "1"]
[SourceVersionDate "2013.11.20"]
[SourceQuality "1"]
[WhiteTeam "South Wales Dragons"]
[BlackTeam "Barbican II"]
[WhiteTeamCountry "ENG"]
[BlackTeamCountry "ENG"]

1. c4 e5 2. g3 Nc6 3. Bg2 g6 4. Nc3 Bg7 5. e3 f5 6. Nge2 Nf6 7. d4 d6 8. 0-0 0-0 9. Rb1 Kh8 10. b4 a6 11. Re1 f4 12. d5 fxg3 13. fxg3 Ne7 14. e4 c6 15. c5 cxd5 16. exd5 Bf5 17. Rb3 Rc8 18. Ba3 Bh6 19. Bc1 Bg7 20. Ba3 Ng4 21. Na4 Ng8 22. Nb6 Rc7 23. Nc4 Qg5 24. Bc1 Qh5 25. h3 Nf2 26. Qd2 Bxh3 27. Qg5 Qxg5 28. Bxg5 Bxg2 29. Kxg2 Ne4 30. Be3 dxc5 31. d6 Rc6 32. bxc5 Nxc5 33. Rb6 Nd3 34. Rd1 Rxc4 35. Rxd3 Rc2 36. Rd2 Rxd2 37. Bxd2 Rd8 38. Bb4 Rd7 39. Nc3 Nf6 40. Kf3 e4+ 41. Ke2 Kg8 42. Bc5 Bf8 43. Ke3 Kf7 44. Kd4 Ke6 45. Nxe4 Nxe4 46. Kxe4 Bxd6 47. a3 h5 48. Bxd6 Rxd6 49. Rxb7 Kf6 50. Rc7 Kg5 51. Rc3 Rf6 52. Rb3 Kg4 53. Rc3 g5 54. Rc5 Re6+ 55. Kd4 h4 56. gxh4 Kxh4 57. Rc1 g4 58. Rh1+ Kg3 59. Rh7 Kg2 60. Rg7 g3 61. Rf7 Kg1 62. Rf5 g2 63. Kd3 Kh2 64. Rh5+ Kg3 65. Rg5+ Kf3 0-1

[Event "London Classic (Women)"]
[Site "London"]
[Date "2012.12.08"]
[Round "8"]
[White "Miturova, Magdalena"]
[Black "Owens, Megan R"]
[Result "1/2-1/2"]
[WhiteElo "2157"]
[BlackElo "1847"]
[PlyCount "114"]
[EventDate "2012.12.01"]
[EventType "tourn"]
[EventRounds "9"]
[EventCountry "ENG"]
[SourceTitle "EXT 2014"]
[Source "ChessBase"]
[SourceDate "2013.11.20"]
[SourceVersion "1"]
[SourceVersionDate "2013.11.20"]
[SourceQuality "1"]

1. e4 c5 2. Nf3 Nc6 3. d4 cxd4 4. Nxd4 g6 5. Nc3 Bg7 6. Be3 Nf6 7. f3 0-0 8. Nxc6 bxc6 9. Bc4 Qa5 10. 0-0 Rd8 11. Qe1 Ba6 12. Bxa6 Qxa6 13. Rd1 d5 14. e5 Nd7 15. f4 Nf8 16. Qh4 Qb7 17. Bc1 Qb4 18. a3 Qc5+ 19. Rf2 f6 20. Rdf1 f5 21. Kh1 e6 22. Na4 Qa5 23. b3 c5 24. Qe7 Rac8 25. Bd2 Qa6 26. Nxc5 Qxa3 27. b4 Re8 28. Qh4 Rc7 29. Qg3 Qxg3 30. hxg3 Nd7 31. Nxd7 Rxd7 32. Ra1 Bf8 33. c3 Rc8 34. Be1 d4 35. cxd4 Rxd4 36. Rfa2 Bxb4 37. Bxb4 Rxb4 38. Rxa7 Rbc4 39. Re7 Rc1+ 40. Rxc1 Rxc1+ 41. Kh2 Rc6 42. Kh3 h6 43. g4 fxg4+ 44. Kxg4 Rb6 45. Kf3 Rb3+ 46. Ke4 Rb4+ 47. Ke3 Rb3+ 48. Kd4 Rb4+ 49. Kc5 Rxf4 50. Kd6 Rg4 51. Kxe6 Rxg2 52. Kf6 Rf2+ 53. Kxg6 Kf8 54. Ra7 h5 55. Rh7 h4 56. Rxh4 Ke7 57. Ra4 Ke6 1/2-1/2

[Event "London Classic (Women)"]
[Site "London"]
[Date "2012.12.02"]
[Round "2"]
[White "Owens, Megan R"]
[Black "Mareckova, Martina"]
[Result "1/2-1/2"]
[WhiteElo "1847"]
[BlackElo "2080"]
[PlyCount "100"]
[EventDate "2012.12.01"]
[EventType "tourn"]
[EventRounds "9"]
[EventCountry "ENG"]
[SourceTitle "EXT 2014"]
[Source "ChessBase"]
[SourceDate "2013.11.20"]
[SourceVersion "1"]
[SourceVersionDate "2013.11.20"]
[SourceQuality "1"]

1. c4 Nf6 2. g3 g6 3. Bg2 Bg7 4. Nc3 0-0 5. d4 d6 6. Nf3 Nbd7 7. 0-0 e5 8. e4 exd4 9. Nxd4 a6 10. h3 Rb8 11. Bg5 h6 12. Be3 Ne5 13. b3 c5 14. Nde2 Qe7 15. Qd2 Bxh3 16. f4 Bxg2 17. fxe5 Nxe4 18. Nxe4 Bxe4 19. exd6 Qd7 20. Rad1 Qh3 21. Kf2 b6 22. d7 Rfd8 23. Qd6 Qf5+ 24. Ke1 Qe5 25. Qxe5 Bxe5 26. Bxh6 Rb7 27. Bf4 Bg7 28. Bg5 Rdxd7 29. Rxd7 Rxd7 30. Bf6 Bd3 31. Bxg7 Kxg7 32. Rf3 f5 33. Re3 Kf6 34. Nc3 b5 35. Nd5+ Rxd5 36. cxd5 Be4 37. Rc3 Ke5 38. Rxc5 Bxd5 39. Kd2 g5 40. Rc8 f4 41. Re8+ Kd4 42. gxf4 gxf4 43. Re7 Kc5 44. Kd3 a5 45. Rc7+ Kb6 46. Rc2 f3 47. Kd4 Bc6 48. a3 Bb7 49. b4 axb4 50. axb4 Bc6 1/2-1/2

[Event "BCF-chT1b 1213 (4NCL)"]
[Site "England"]
[Date "2012.11.03"]
[Round "1.188"]
[White "Owens, Megan R"]
[Black "Townsend, M Paul"]
[Result "0-1"]
[WhiteElo "1847"]
[BlackElo "2234"]
[PlyCount "86"]
[EventDate "2012.11.03"]
[EventType "team-tourn"]
[EventRounds "7"]
[EventCountry "ENG"]
[SourceTitle "EXT 2013"]
[Source "ChessBase"]
[SourceDate "2012.11.22"]
[SourceVersion "1"]
[SourceVersionDate "2012.11.22"]
[SourceQuality "1"]
[WhiteTeam "South Wales Dragons"]
[BlackTeam "White Rose"]
[WhiteTeamCountry "ENG"]
[BlackTeamCountry "ENG"]

1. c4 e6 2. g3 Nf6 3. Bg2 d5 4. Nf3 Be7 5. d4 0-0 6. 0-0 Nbd7 7. Nc3 c6 8. a4 a5 9. cxd5 exd5 10. Qc2 Re8 11. Re1 Nb6 12. Ne5 Ng4 13. Nxg4 Bxg4 14. e4 dxe4 15. Bxe4 h6 16. Bh7+ Kh8 17. Bf5 Bxf5 18. Qxf5 Bb4 19. Rxe8+ Qxe8 20. Be3 Rd8 21. Qd3 Qe6 22. Ne2 Nd5 23. Bd2 Bxd2 24. Qxd2 Nb4 25. Rc1 Qb3 26. Nc3 Nd5 27. Qc2 Qb4 28. Rd1 Nb6 29. Qd2 Nxa4 30. Nxa4 Qxa4 31. Qe1 Qb4 32. Qc3 Qxc3 33. bxc3 b5 34. Ra1 Ra8 35. Kf1 a4 36. Ra3 Kg8 37. Ke2 Kf8 38. Kd3 Ke7 39. f4 Kd6 40. Ra2 Kd5 41. Ra1 a3 42. g4 a2 43. Kc2 Kc4 0-1

[Event "Wch U20 Girls 30th"]
[Site "Athens"]
[Date "2012.08.14"]
[Round "12"]
[White "Kolaric, Spela"]
[Black "Owens, Megan R"]
[Result "1-0"]
[WhiteElo "2071"]
[BlackElo "1816"]
[PlyCount "91"]
[EventDate "2012.08.02"]
[EventType "swiss"]
[EventRounds "13"]
[EventCountry "GRE"]
[SourceTitle "CBM 149 Extra"]
[Source "ChessBase"]
[SourceDate "2012.08.24"]
[SourceVersion "1"]
[SourceVersionDate "2012.08.24"]
[SourceQuality "1"]

1. d4 Nf6 2. Bg5 d5 3. Nf3 g6 4. Bxf6 exf6 5. g3 Bg7 6. Bg2 0-0 7. 0-0 Re8 8. e3 Bg4 9. h3 Bxf3 10. Bxf3 c6 11. Nd2 Nd7 12. b3 f5 13. Rc1 Rc8 14. c4 Nf6 15. Rc2 Qd7 16. b4 Ne4 17. Bxe4 fxe4 18. Kg2 b6 19. Nb3 h5 20. h4 Bf8 21. a3 Bh6 22. Qe2 Rc7 23. Rfc1 Rec8 24. a4 Bf8 25. c5 bxc5 26. Nxc5 Bxc5 27. Rxc5 Qg4 28. Qxg4 hxg4 29. b5 Kf8 30. bxc6 f5 31. Rxd5 Rxc6 32. Rxc6 Rxc6 33. h5 Ra6 34. hxg6 Kg7 35. Rxf5 Kxg6 36. Re5 Rxa4 37. Rxe4 Kf5 38. Rf4+ Kg5 39. Rf8 Ra1 40. d5 Rd1 41. e4 Rd4 42. f4+ gxf3+ 43. Kxf3 a5 44. Ke3 Rd1 45. Ra8 Ra1 46. d6 1-0

[Event "Wch U20 Girls 30th"]
[Site "Athens"]
[Date "2012.08.11"]
[Round "9"]
[White "Owens, Megan R"]
[Black "Ivana Maria, Furtado"]
[Result "0-1"]
[WhiteElo "1816"]
[BlackElo "2102"]
[PlyCount "82"]
[EventDate "2012.08.02"]
[EventType "swiss"]
[EventRounds "13"]
[EventCountry "GRE"]
[SourceTitle "CBM 149 Extra"]
[Source "ChessBase"]
[SourceDate "2012.08.24"]
[SourceVersion "1"]
[SourceVersionDate "2012.08.24"]
[SourceQuality "1"]

1. c4 Nf6 2. g3 e5 3. Bg2 Nc6 4. Nc3 Be7 5. Nf3 0-0 6. 0-0 d6 7. d4 Bg4 8. d5 Nb8 9. h3 Bxf3 10. Bxf3 Nbd7 11. e4 Ne8 12. Be3 g6 13. Bh6 Ng7 14. g4 Bg5 15. Bxg7 Kxg7 16. Qc2 Bf4 17. Ne2 Qh4 18. Qc3 Kg8 19. Nxf4 exf4 20. Qd2 Ne5 21. Qxf4 f5 22. Qg3 f4 23. Qg2 Nxc4 24. Rfc1 Nxb2 25. Rxc7 Nd3 26. Rxb7 Nc5 27. Rb2 Rac8 28. Rd2 Qg5 29. Qh2 Qe5 30. Rc1 Nxe4 31. Rxc8 Nxd2 32. Rxf8+ Kxf8 33. Kg2 g5 34. Qg1 Nxf3 35. Qb1 Nh4+ 36. Kh2 f3+ 37. Kg1 Kg7 38. Qb7+ Kh6 39. Qf7 Qe1+ 40. Kh2 Qxf2+ 41. Kh1 Qg2# 0-1

[Event "Wch U20 Girls 30th"]
[Site "Athens"]
[Date "2012.08.06"]
[Round "5"]
[White "Manelidou, Maria"]
[Black "Owens, Megan R"]
[Result "1-0"]
[WhiteElo "2056"]
[BlackElo "1816"]
[PlyCount "59"]
[EventDate "2012.08.02"]
[EventType "swiss"]
[EventRounds "13"]
[EventCountry "GRE"]
[SourceTitle "CBM 149 Extra"]
[Source "ChessBase"]
[SourceDate "2012.08.24"]
[SourceVersion "1"]
[SourceVersionDate "2012.08.24"]
[SourceQuality "1"]

1. e4 c5 2. Nf3 g6 3. c4 Nc6 4. d4 cxd4 5. Nxd4 Bg7 6. Nc2 Nf6 7. Nc3 0-0 8. Be3 d6 9. Be2 Be6 10. 0-0 Nd7 11. Qd2 Nce5 12. b3 Ng4 13. Bd4 Bh6 14. Qd1 Ngf6 15. f4 Nc5 16. g4 Nfxe4 17. Nxe4 Nxe4 18. g5 Bg7 19. Bxg7 Kxg7 20. Qd4+ f6 21. Qxe4 Bf5 22. Qxb7 Bxc2 23. Bf3 fxg5 24. Rae1 Qb6+ 25. Qxb6 axb6 26. Bxa8 Rxa8 27. Rxe7+ Kg8 28. fxg5 Bf5 29. Rf2 Ra5 30. Rd2 1-0

[Event "Wch U20 Girls 30th"]
[Site "Athens"]
[Date "2012.08.04"]
[Round "3"]
[White "Olenina, Aysa"]
[Black "Owens, Megan R"]
[Result "1/2-1/2"]
[WhiteElo "2095"]
[BlackElo "1816"]
[PlyCount "90"]
[EventDate "2012.08.02"]
[EventType "swiss"]
[EventRounds "13"]
[EventCountry "GRE"]
[SourceTitle "CBM 149 Extra"]
[Source "ChessBase"]
[SourceDate "2012.08.24"]
[SourceVersion "1"]
[SourceVersionDate "2012.08.24"]
[SourceQuality "1"]

1. e4 c5 2. Nf3 g6 3. d4 cxd4 4. Nxd4 Bg7 5. Nc3 Nc6 6. Nb3 Nf6 7. Be2 0-0 8. 0-0 d6 9. Bg5 Be6 10. Kh1 Rc8 11. f4 Re8 12. Re1 Na5 13. Bb5 Ng4 14. Bh4 Bf6 15. Bg3 Nc4 16. Nd5 Bxd5 17. Qxg4 Be6 18. Qe2 Rf8 19. f5 a6 20. Bxa6 bxa6 21. fxe6 Bxb2 22. exf7+ Rxf7 23. Rad1 Qb6 24. Qg4 Rcf8 25. Qe6 Ne3 26. Rb1 Kh8 27. Nd2 Nxc2 28. Be5+ Bxe5 29. Rxb6 Nxe1 30. Rb8 Rxb8 31. Qxf7 Bf6 32. g4 Nd3 33. h3 Ne5 34. Qd5 Kg7 35. Nb3 Rc8 36. Nd4 h6 37. Kg2 Nc4 38. Ne6+ Kh7 39. Qb7 Ne3+ 40. Kf2 Rc3 41. Ke2 Nc4 42. h4 Rc2+ 43. Kd3 Rc3+ 44. Ke2 Rc2+ 45. Kd3 Rc3+ 1/2-1/2

[Event "Wch U16 Girls"]
[Site "Caldas Novas"]
[Date "2011.11.18"]
[Round "1"]
[White "Owens, Megan R"]
[Black "Salazar, Aura Cristina"]
[Result "0-1"]
[WhiteElo "1824"]
[BlackElo "2237"]
[PlyCount "94"]
[EventDate "2011.11.18"]
[EventType "swiss"]
[EventRounds "9"]
[EventCountry "BRA"]
[SourceTitle "EXT 2013"]
[Source "ChessBase"]
[SourceDate "2012.11.22"]
[SourceVersion "1"]
[SourceVersionDate "2012.11.22"]
[SourceQuality "1"]

1. c4 c5 2. g3 g6 3. Bg2 Bg7 4. Nc3 Nc6 5. a3 d6 6. Nf3 e5 7. d3 Nge7 8. Nd5 0-0 9. 0-0 Rb8 10. Ne1 Be6 11. Nc2 b5 12. Nxe7+ Nxe7 13. Ne3 d5 14. cxd5 Nxd5 15. Nxd5 Bxd5 16. Be3 Bxg2 17. Kxg2 Qd5+ 18. f3 a5 19. Qd2 a4 20. Rac1 Rfc8 21. Rc2 Rc6 22. Rfc1 Bf8 23. Qa5 f5 24. Qa7 Rcc8 25. Bxc5 Rb7 26. Qa6 Rbc7 27. Qxb5 Rxc5 28. Qxa4 Rxc2 29. Rxc2 Rxc2 30. Qxc2 Qd4 31. Qc4+ Kg7 32. Qxd4 exd4 33. f4 Kf6 34. Kf3 Ke6 35. g4 Kd5 36. gxf5 gxf5 37. h3 Bd6 38. b4 Kc6 39. e4 dxe3 40. Kxe3 Kb5 41. Kd4 Bxf4 42. Kd5 Bg3 43. Kd4 Ka4 44. Kc4 Kxa3 45. d4 Ka4 46. b5 Ka5 47. d5 Bd6 0-1

[Event "BCF-chT2b 1112 (4NCL)"]
[Site "England"]
[Date "2011.11.12"]
[Round "1.7"]
[White "Baruch, Andrew JD"]
[Black "Owens, Megan R"]
[Result "1/2-1/2"]
[WhiteElo "2085"]
[BlackElo "1824"]
[PlyCount "55"]
[EventDate "2011.11.12"]
[EventType "team-match"]
[EventRounds "7"]
[EventCountry "ENG"]
[SourceTitle "EXT 2013"]
[Source "ChessBase"]
[SourceDate "2012.11.22"]
[SourceVersion "1"]
[SourceVersionDate "2012.11.22"]
[SourceQuality "1"]
[WhiteTeam "Warwicks Select"]
[BlackTeam "Brown Jack"]
[WhiteTeamCountry "ENG"]
[BlackTeamCountry "ENG"]

1. c4 Nf6 2. g3 d5 3. cxd5 Nxd5 4. Bg2 g6 5. Nc3 Nb6 6. Nf3 Nc6 7. 0-0 Bg7 8. d3 0-0 9. Be3 a5 10. Qd2 Be6 11. Bh6 a4 12. Bxg7 Kxg7 13. Ne4 Qc8 14. Nc5 Bd5 15. Rfc1 Rd8 16. e4 Be6 17. Qc3+ Kg8 18. Nxb7 Qxb7 19. Qxc6 Qxc6 20. Rxc6 Rxd3 21. Rxc7 Rad8 22. Rcc1 f6 23. h3 Kf7 24. Kh2 Nc4 25. Rc2 Rb8 26. Bf1 Rxf3 27. Kg2 Ne3+ 28. fxe3 1/2-1/2

[Event "GBR-ch Major 98th"]
[Site "Sheffield"]
[Date "2011.07.27"]
[Round "4"]
[White "Owens, Megan R"]
[Black "Allison, Mark"]
[Result "1/2-1/2"]
[WhiteElo "1799"]
[BlackElo "2108"]
[PlyCount "85"]
[EventDate "2011.07.25"]
[EventType "swiss"]
[EventRounds "11"]
[EventCountry "ENG"]
[SourceTitle "EXT 2012"]
[Source "ChessBase"]
[SourceDate "2011.11.24"]
[SourceVersion "1"]
[SourceVersionDate "2011.11.24"]
[SourceQuality "1"]

1. c4 e5 2. g3 d6 3. Bg2 g6 4. Nc3 Bg7 5. e3 c6 6. Nge2 Be6 7. b3 Qd7 8. Ba3 f5 9. d4 Bf7 10. dxe5 dxe5 11. Qc2 Bf8 12. Bxf8 Kxf8 13. 0-0 Qc7 14. e4 Ne7 15. Bh3 Be6 16. f4 Kg7 17. fxe5 Qxe5 18. Nf4 Na6 19. Nxe6+ Qxe6 20. Rae1 Nb4 21. Qe2 Rhf8 22. exf5 Qxe2 23. Rxe2 Nxf5 24. Bxf5 gxf5 25. Re7+ Rf7 26. Rxf7+ Kxf7 27. Rxf5+ Kg6 28. Re5 Rf8 29. Re7 Nc2 30. Kg2 Rf7 31. Rxf7 Kxf7 32. Kf3 Nb4 33. Ne4 Nxa2 34. Nd6+ Kf6 35. Nxb7 Nc1 36. Nc5 Ke5 37. Ke3 Kd6 38. b4 Na2 39. Nd3 Nc3 40. Nf2 Na2 41. Nd3 Nc3 42. g4 Nb1 43. Kd4 1/2-1/2

[Event "Faber Cup"]
[Site "Pontypridd"]
[Date "2010.07.22"]
[Round "4.4"]
[White "Owens, Megan R"]
[Black "Roy, Ali"]
[Result "1/2-1/2"]
[WhiteElo "1792"]
[BlackElo "1806"]
[PlyCount "79"]
[EventDate "2010.07.21"]
[EventType "team-tourn"]
[EventRounds "6"]
[EventCountry "WLS"]
[SourceTitle "EXT 2017"]
[Source "ChessBase"]
[SourceDate "2016.10.25"]
[SourceVersion "1"]
[SourceVersionDate "2016.10.25"]
[SourceQuality "1"]
[WhiteTeam "Wales"]
[BlackTeam "Scotland"]
[WhiteTeamCountry "WLS"]
[BlackTeamCountry "SCO"]

1. Nf3 d5 2. d4 Nf6 3. c4 c6 4. e3 e6 5. Nbd2 c5 6. b3 Nc6 7. Bb2 b6 8. Bd3 Be7 9. 0-0 0-0 10. Ne5 Bb7 11. Nxc6 Bxc6 12. Nf3 Ne4 13. Ne5 Bb7 14. f3 Nf6 15. Qe2 Nd7 16. Nxd7 Qxd7 17. Rfd1 Bf6 18. dxc5 Bxb2 19. c6 Bxc6 20. Qxb2 Qe7 21. Rac1 Rfd8 22. Qc2 g6 23. c5 bxc5 24. Qxc5 Qxc5 25. Rxc5 Bd7 26. Rdc1 Rdc8 27. Ba6 Rxc5 28. Rxc5 Kf8 29. Rc7 Ke8 30. Kf2 Kd8 31. Rb7 Ke8 32. Rb4 Ke7 33. h4 h6 34. Kg3 e5 35. f4 f6 36. Bd3 e4 37. Ba6 Kd6 38. Rd4 Rb8 39. Kf2 f5 40. Rd2 1/2-1/2

[Event "South Wales op 7th"]
[Site "Treforest"]
[Date "2010.07.13"]
[Round "5"]
[White "Fathallah, Joe"]
[Black "Owens, Megan R"]
[Result "0-1"]
[WhiteElo "1919"]
[BlackElo "1792"]
[PlyCount "96"]
[EventDate "2010.07.10"]
[EventType "swiss"]
[EventRounds "9"]
[EventCountry "WLS"]
[SourceTitle "CBM 137 Extra"]
[Source "ChessBase"]
[SourceDate "2010.09.01"]
[SourceVersion "1"]
[SourceVersionDate "2010.09.01"]
[SourceQuality "1"]

1. d4 Nf6 2. c4 g6 3. Nc3 d5 4. cxd5 Nxd5 5. e4 Nxc3 6. bxc3 Bg7 7. Bc4 0-0 8. Ne2 c5 9. 0-0 Nc6 10. Be3 cxd4 11. cxd4 b6 12. Rc1 Bb7 13. Qd2 Rc8 14. f4 Na5 15. Bd3 f5 16. Rxc8 Bxc8 17. Rc1 Be6 18. Qc2 fxe4 19. Bxe4 Nc4 20. Bf2 Nd6 21. Bd3 Qd7 22. Qc7 Rc8 23. Qxd7 Rxc1+ 24. Nxc1 Bxd7 25. Kf1 Kf7 26. Bc2 Be6 27. Ke2 Nf5 28. Kd3 Nxd4 29. Ba4 Nf5 30. Bb3 Bxb3 31. Nxb3 e5 32. Ke4 Ke6 33. fxe5 Bxe5 34. h3 Nd6+ 35. Kd3 Kd5 36. a4 Ne4 37. Be3 Nc5+ 38. Nxc5 bxc5 39. g4 c4+ 40. Kc2 Bd4 41. Bd2 Ke4 42. g5 Kf3 43. h4 Kg4 44. Be1 Be5 45. a5 a6 46. Bf2 Bg3 47. Bg1 Bxh4 48. Kc3 Be1+ 0-1

[Event "BCF-chT2d 0910 (4NCL) Demotion pool"]
[Site "England"]
[Date "2010.05.01"]
[Round "9.8"]
[White "Owens, Megan R"]
[Black "Norman, Dinah M"]
[Result "1/2-1/2"]
[WhiteElo "1774"]
[BlackElo "1932"]
[PlyCount "63"]
[EventDate "2009.10.24"]
[EventType "team-tourn"]
[EventRounds "4"]
[EventCountry "ENG"]
[SourceTitle "EXT 2010"]
[Source "ChessBase"]
[SourceDate "2010.11.25"]
[SourceVersion "1"]
[SourceVersionDate "2010.11.25"]
[SourceQuality "1"]
[WhiteTeam "Celtic Tigers"]
[BlackTeam "Wessex"]
[WhiteTeamCountry "ENG"]
[BlackTeamCountry "ENG"]

1. Nf3 d5 2. d4 Nf6 3. c4 c6 4. e3 g6 5. Nbd2 Bg7 6. b3 0-0 7. Bb2 Bg4 8. Be2 e6 9. Ne5 Bxe2 10. Qxe2 Nbd7 11. f4 a5 12. 0-0 a4 13. Ba3 Re8 14. c5 axb3 15. axb3 Qc7 16. Rfc1 Ra7 17. Bb2 Rea8 18. b4 Rxa1 19. Rxa1 Rxa1+ 20. Bxa1 Qc8 21. Nb3 Qa8 22. Bc3 Nxe5 23. fxe5 Ne4 24. Be1 Bh6 25. Na5 Bg5 26. Qd3 Bd8 27. Qa3 Qa6 28. Bg3 Qe2 29. Qc1 Qb5 30. Qa3 Qe2 31. Qc1 Qb5 32. Be1 1/2-1/2

[Event "BCF-chT2b 0910 (4NCL)"]
[Site "England"]
[Date "2010.01.17"]
[Round "4.8"]
[White "Redman, David J"]
[Black "Owens, Megan R"]
[Result "1-0"]
[WhiteElo "1866"]
[BlackElo "1764"]
[PlyCount "55"]
[EventDate "2009.10.24"]
[EventType "team-tourn"]
[EventRounds "11"]
[EventCountry "ENG"]
[SourceTitle "EXT 2010"]
[Source "ChessBase"]
[SourceDate "2010.11.25"]
[SourceVersion "1"]
[SourceVersionDate "2010.11.25"]
[SourceQuality "1"]
[WhiteTeam "Poisoned Pawns II"]
[BlackTeam "Celtic Tigers"]
[WhiteTeamCountry "ENG"]
[BlackTeamCountry "ENG"]

1. e4 c5 2. Nf3 a6 3. Bc4 e6 4. d4 b5 5. Be2 cxd4 6. Nxd4 Bb7 7. Qd3 Nf6 8. Bg5 h6 9. Bxf6 Qxf6 10. c3 Qg6 11. Bf3 d5 12. Nd2 Nd7 13. Qe2 Ne5 14. 0-0-0 Rc8 15. a3 Qf6 16. exd5 Nxf3 17. N2xf3 Bxd5 18. Rhe1 Be7 19. Qe5 Qxe5 20. Nxe5 Bg5+ 21. Kb1 f6 22. Ng6 Kf7 23. Nxh8+ Rxh8 24. g3 f5 25. f4 Bf6 26. Nxf5 g5 27. Nd6+ Ke7 28. Rxd5 1-0